| 000 | 00662nam a2200217 a 4500 | ||
|---|---|---|---|
| 001 | 55254 | ||
| 003 | BD-RjUL | ||
| 005 | 20211209080235.0 | ||
| 008 | 161115s1967 enk||||| |||| 00| 0 eng d | ||
| 035 | _a(BD-RjUL)55376 | ||
| 040 |
_aBD-RjUL _beng _cBD-RjUL |
||
| 041 | _aeng | ||
| 082 |
_223 _a822.33 _bDOS 1967 |
||
| 100 | 1 |
_aDowden, Edward _9164615 |
|
| 245 | 1 | 0 |
_aShakspere : _b a critical study of his mind and art / _cEdward Dowden |
| 260 |
_aLondon : _bRoutledge and Kegan paul ltd., _c1953-1967 |
||
| 300 |
_axvii, 434 p. ; _c19 cm |
||
| 500 | _aIncludes Index | ||
| 600 |
_aShakespeare, William _xEnglish literature _y1564-1616 _9165291 |
||
| 942 |
_2ddc _cBK |
||
| 999 |
_c55254 _d55254 |
||